Media politics : (Record no. 20091)

MARC details
000 -LEADER
fixed length control field 00768nam a22002532 4500
001 - CONTROL NUMBER
control field 0000020715
003 - CONTROL NUMBER IDENTIFIER
control field OSt
005 - DATE AND TIME OF LATEST TRANSACTION
control field 20230328164913.0
008 - FIXED-LENGTH DATA ELEMENTS--GENERAL INFORMATION
fixed length control field 111005s xx 000 0 eng d
020 ## - INTERNATIONAL STANDARD BOOK NUMBER
International Standard Book Number 0393664874
040 ## - CATALOGING SOURCE
Original cataloging agency KABU
Transcribing agency KABU
050 ## - LIBRARY OF CONGRESS CALL NUMBER
Classification number P95.82
Item number .U6I94 2019
100 1# - MAIN ENTRY--PERSONAL NAME
Personal name Iyengar, Shanto.
245 10 - TITLE STATEMENT
Title Media politics :
Remainder of title a citizen's guide /
Statement of responsibility, etc. Shanto Iyengar, Jennifer McGrady.
250 ## - EDITION STATEMENT
Edition statement 4th ed.
260 ## - PUBLICATION, DISTRIBUTION, ETC. (IMPRINT)
Place of publication, distribution, etc. New York :
Name of publisher, distributor, etc. W. W. Norton,
Date of publication, distribution, etc. 2019
300 ## - PHYSICAL DESCRIPTION
Extent xviii, 390p.
650 #0 - SUBJECT ADDED ENTRY--TOPICAL TERM
Topical term or geographic name as entry element Mass media
General subdivision Political aspects
Geographic subdivision United States.
650 #0 - SUBJECT ADDED ENTRY--TOPICAL TERM
Topical term or geographic name as entry element Press and politics
Geographic subdivision United States.
651 #0 - SUBJECT ADDED ENTRY--GEOGRAPHIC NAME
Geographic name United States
General subdivision politics and government.
908 ## - PUT COMMAND PARAMETER (RLIN)
Put command parameter 111005
942 ## - ADDED ENTRY ELEMENTS (KOHA)
Source of classification or shelving scheme Library of Congress Classification
Koha item type General Collection
Holdings
Withdrawn status Lost status Source of classification or shelving scheme Not for loan Home library Current library Date acquired Cost, normal purchase price Total Checkouts Full call number Barcode Date last seen Date last checked out Price effective from Koha item type
    Library of Congress Classification   Kabarak, Main Campus Kabarak, Main Campus 28/03/2023 790.00 5 P95.82 .U6I94 2019 c.1 032323 07/02/2026 29/01/2026 28/03/2023 General Collection
Designed with assistance from East African Informatics Ltd